| 000 | 00838nam a2200253 i 4500 | ||
|---|---|---|---|
| 001 | 14596 | ||
| 003 | ES-MaACL | ||
| 005 | 20240529062939.0 | ||
| 007 | t| | ||
| 008 | 990429s1994 dr |||| | spa d | ||
| 040 | _cES-MaACL | ||
| 080 | _a371.13(729.3)"19" | ||
| 100 | 1 |
_aPrats Ramírez, Ivelisse. _9162376 _eaut |
|
| 245 | 1 | 0 |
_aPolítica de profesionalización docente / _cIvelisse Prats Ramírez de Pérez. |
| 260 |
_aSanto Domingo : _bPNUD, _c1994. |
||
| 300 |
_a145., [54] páginas ; _c25 cm. |
||
| 490 | 1 |
_aPolítica educativa ; _v4 |
|
| 650 | 1 | 4 |
_aEnseñanza- _zRepública Dominicana. _9162378 |
| 830 | 0 |
_aPolítica educativa ; _v4 _9228518 |
|
| 852 |
_aES-MaACL _cDEPO2 _gDedicatoria autógrafa de la autora _jL-21804 |
||
| 942 | _cMONOGRAFIA | ||
| 999 |
_c14596 _d14596 |
||